<?xml version="1.0" encoding="UTF-8"?>
<record
    xmlns:xsi="http://www.w3.org/2001/XMLSchema-instance"
    xsi:schemaLocation="http://www.loc.gov/MARC21/slim http://www.loc.gov/standards/marcxml/schema/MARC21slim.xsd"
    xmlns="http://www.loc.gov/MARC21/slim">

  <leader>00795nam a2200229 a 4500</leader>
  <controlfield tag="001">83173</controlfield>
  <controlfield tag="003">BD-RjUL</controlfield>
  <controlfield tag="005">20240228112141.0</controlfield>
  <controlfield tag="008">240228s1967    ii            000 0 ara d</controlfield>
  <datafield tag="035" ind1=" " ind2=" ">
    <subfield code="a">(BD-RjUL)83173</subfield>
  </datafield>
  <datafield tag="040" ind1=" " ind2=" ">
    <subfield code="a">HAI</subfield>
    <subfield code="b">eng</subfield>
    <subfield code="c">BD-RjUL</subfield>
  </datafield>
  <datafield tag="041" ind1="0" ind2=" ">
    <subfield code="a">ara</subfield>
  </datafield>
  <datafield tag="082" ind1=" " ind2=" ">
    <subfield code="2">23</subfield>
    <subfield code="a">016.091297</subfield>
    <subfield code="b">ASF 1965</subfield>
  </datafield>
  <datafield tag="110" ind1="2" ind2=" ">
    <subfield code="a">&#x62E;&#x62F;&#x627; &#x628;&#x62E;&#x634; &#x623;&#x648;&#x631;&#x64A;&#x64A;&#x646;&#x62A;&#x627;&#x644; &#x67E;&#x627;&#x628;&#x644;&#x64A;&#x643; &#x644;&#x627;&#x64A;&#x628;&#x631;&#x64A;&#x631;&#x64A;</subfield>
    <subfield code="9">506</subfield>
  </datafield>
  <datafield tag="245" ind1="1" ind2="0">
    <subfield code="a">&#x641;&#x647;&#x631;&#x633;&#x62A;  &#x643;&#x62A;&#x628;  /List of Book /</subfield>
    <subfield code="c">&#x642;&#x627;&#x636;&#x64A; &#x645;&#x62D;&#x645;&#x62F; &#x627;&#x633;&#x631;&#x627;&#x641; ;; Qazi muhammad Ashraf</subfield>
  </datafield>
  <datafield tag="246" ind1="3" ind2="3">
    <subfield code="a">&#x645;&#x641;&#x62A;&#x627;&#x62D; &#x627;&#x644;&#x643;&#x646;&#x648;&#x632; &#x627;&#x644;&#x62E;&#x641;&#x64A;&#x629;</subfield>
  </datafield>
  <datafield tag="260" ind1=" " ind2=" ">
    <subfield code="a">&#x67E;&#x646;&#x637;&#x647; :</subfield>
    <subfield code="b">Adarah tahqiqat i Islami,</subfield>
    <subfield code="c">1967</subfield>
  </datafield>
  <datafield tag="300" ind1=" " ind2=" ">
    <subfield code="a">&#x663; &#x645;. &#x61B;</subfield>
    <subfield code="c">&#x663;&#x664; &#x633;.</subfield>
  </datafield>
  <datafield tag="650" ind1=" " ind2="4">
    <subfield code="a">Manuscripts, Arabic</subfield>
    <subfield code="z">India</subfield>
    <subfield code="z">Patna</subfield>
    <subfield code="v">Catalogs</subfield>
    <subfield code="9">507</subfield>
  </datafield>
  <datafield tag="650" ind1=" " ind2="4">
    <subfield code="a">Manuscripts, Persian</subfield>
    <subfield code="z">India</subfield>
    <subfield code="z">Patna</subfield>
    <subfield code="v">Catalogs</subfield>
    <subfield code="9">508</subfield>
  </datafield>
  <datafield tag="942" ind1=" " ind2=" ">
    <subfield code="2">ddc</subfield>
    <subfield code="c">BK</subfield>
  </datafield>
  <datafield tag="999" ind1=" " ind2=" ">
    <subfield code="c">83173</subfield>
    <subfield code="d">83173</subfield>
  </datafield>
  <datafield tag="952" ind1=" " ind2=" ">
    <subfield code="0">0</subfield>
    <subfield code="1">0</subfield>
    <subfield code="2">ddc</subfield>
    <subfield code="4">0</subfield>
    <subfield code="7">1</subfield>
    <subfield code="8">NFIC</subfield>
    <subfield code="a">RUCL</subfield>
    <subfield code="b">RUCL</subfield>
    <subfield code="c">Reading</subfield>
    <subfield code="d">2024-02-28</subfield>
    <subfield code="o">A 016.091297 ASF 1965</subfield>
    <subfield code="r">2024-02-28 00:00:00</subfield>
    <subfield code="t">C-1</subfield>
    <subfield code="y">BK</subfield>
  </datafield>
</record>
